00536nam a2200157Ia 4500008004100000020001800041100001200059245006000071260001600131500002400147650001500171942000700186952008400193952008400277999001700361230524s9999 xx 000 0 und d a9788174465962 aP L Rao 0aInternational Human Resource Management: Text and Cases bExcel Books aQuantity Number: 2 aManagement cBK 00104070aTATCLbTATCLcGENd2023-05-24l0p45888r2023-05-24w2023-05-24yBK 00104070aTATCLbTATCLcGENd2023-05-24l0p45889r2023-05-24w2023-05-24yBK c51310d51310